banner-ar

وقائع اليونسكو: الذكرى الثلاثون لتاسيس المنظمة: منجزات الماضى والتزامات المستقبل / (Record no. 51096)

MARC details
000 -الفاتح
حقل البيانات ثابتة الطول 00699nam a2200193Ia 4500
008 - عناصر البيانات ثابتة الطول - معلومات عامة
حقل البيانات ثابتة الطول 140319s9999 xx 000 0 ara d
040 ## - مصدر الفهرسة
وكالة الفهرسة الأصلية GCL /
وكالة النسخ GCL
082 04 - رقم تصنيف ديوى العشرى
رقم التصنيف 659.289
رقم المادة ه و
100 1# - المدخل الرئيسى - إسم شخصى
الإسم الشخصى هيكر, مونيك
245 10 - بيان العنوان
العنوان وقائع اليونسكو: الذكرى الثلاثون لتاسيس المنظمة: منجزات الماضى والتزامات المستقبل /
بيان المسئوليه,etc هيكر, مونيك
300 ## - الوصف المادى
التعداد 260 ص
490 ## - بيان السلسلة
عنوان السلسلة الهيئة العامة للاستعلامات
رقم المجلد/ التعيين التسلسلي 0
650 04 - المدخل الاضافى بالموضوع-مصطلح موضوعى
مصطلح موضوعي الدوريات
650 04 - المدخل الاضافى بالموضوع-مصطلح موضوعى
مصطلح موضوعي اليونسكو
650 04 - المدخل الاضافى بالموضوع-مصطلح موضوعى
مصطلح موضوعي المنظمات الدولية
650 04 - المدخل الاضافى بالموضوع-مصطلح موضوعى
مصطلح موضوعي اليونسكو - تنظيم وادارة
942 ## - عناصر المدخل الإضافي( كوها)
مصدر التصنيف او مخطط الترفيف Dewey Decimal Classification
Koha [default] item type كتاب
Holdings
حالة التراجع حالة الفقد حالة تلف ليس للاعارة المكان المؤقت الموقع الحالى تاريخ الاكتساب اجمالي اﻻعارات رقم الطلب الباركود تاريخ اخر مشاهدة تاريخ تفعيل السعر نوع وعاء كوها
        مكتبة القاهرة الكبرى مكتبة القاهرة الكبرى 03/26/2014   659.289\ه و 122426 03/26/2014 03/26/2014 كتاب

Powered By

EGPV